| 000 | 00840nam a2200217Ia 4500 | ||
|---|---|---|---|
| 003 | GCL | ||
| 008 | 140319s9999 xx 000 0 ara d | ||
| 040 |
_aGCL / _cGCL |
||
| 082 | 0 | 4 |
_a338.82 _bم ح |
| 100 | 1 | _aمغاروى شلبى على | |
| 245 | 1 | 0 |
_aحماية المنافسة ومنع الممارسات الاحتكارية : _bالتجارب الدولية / _cمغاروى شلبى على |
| 260 |
_aالقاهرة : _bمؤسسة الاهرام ، _c2005 |
||
| 300 |
_a110 ص ؛ _c24 سم |
||
| 490 |
_aكتاب الاهرام الاقتصادى _v212 |
||
| 650 | 0 | 4 | _aالاحتكار |
| 650 | 0 | 4 | _aالمنافسة |
| 650 | 0 | 4 | _aالاحتكار - التنمية الاقتصادية |
| 650 | 0 | 4 | _aالاحتكار - قوانين وتشريعات |
| 650 | 0 | 4 | _aالممارسات الاحتكارية |
| 942 |
_2ddc _cBK |
||
| 999 |
_c46434 _d46434 |
||